000 00940nam a2200229 a 4500
001 53660
003 BD-RjUL
005 20211209080010.0
008 161022b1974 ii ||||| |||| 00| 0 ben d
020 _c: Tk. 16.00
035 _a(BD-RjUL)53782
040 _aBD-RjUL
_bben
_cBD-RjUL
041 _aben
082 _223
_a891.4409
_bBIM 1974
100 _aবিশী, শ্রীপ্রমথনাথ
_9123688
245 1 0 _aমধুসূদন থেকে রবীন্দ্রনাথ /
_cশ্রীপ্রমথনাথ বিশী
260 _aকলকাতা :
_bবামাচরণ মুখোপাধ্যায়,
_c১৯৭৪ (১৩৮১)
300 _a[৪], ২৩৮ পৃ. ;
_c২২ সেমি.
650 _aবাংলা সাহিত্য
_xইতিহাস ও সমালোচনা
_9160379
650 _aBengali Literature
_xHistory and Criticism
_9160380
942 _2ddc
_cBK
999 _c53660
_d53660